书目信息 |
| 题名: |
利息理论
|
|
| 作者: | 张连增 编著 | |
| 分册: | ||
| 出版信息: | 天津 南开大学出版社 2005.12 |
|
| 页数: | 172页 | |
| 开本: | 20cm | |
| 丛书名: | ||
| 单 册: | ||
| 中图分类: | F032.2 | |
| 科图分类: | ||
| 主题词: | 资本主义社会--生产方式 | |
| 电子资源: | ||
| ISBN: | 7-310-02355-2 | |
| 000 | 00577nam0 2200193 450 | |
| 001 | 1255563686 | |
| 005 | 20181218092453.87 | |
| 010 | @a7-310-02355-2@dCNY20.00 | |
| 100 | @a20120928d2005 km y0chiy0120 ea | |
| 101 | 0 | @achi |
| 102 | @aCN@b120000 | |
| 200 | 1 | @a利息理论@Ali xi li lun@f张连增编著@Fzhang lian zeng bian zhu |
| 210 | @a天津@c南开大学出版社@d2005.12 | |
| 215 | @a172页@d20cm | |
| 606 | 0 | @a资本主义社会@x生产方式 |
| 690 | @aF032.2@v4 | |
| 701 | 0 | @a张连增@Azhang lian zeng@4编著 |
| 801 | 0 | @aCN@b大连网信软件有限公司图书馆·11@c20120928 |
| 905 | @aZUCC@dF032.2@eZ139 | |
| 利息理论/张连增编著.-天津:南开大学出版社,2005.12 |
| 172页;20cm |
| ISBN 7-310-02355-2:CNY20.00 |
| ● |
| 相关链接 |
|
|
|
正题名:利息理论
索取号:F032.2/Z139
 
预约/预借
| 序号 | 登录号 | 条形码 | 馆藏地/架位号 | 状态 | 备注 |
| 1 | 1301649 | 213016494 | 社科库409/409社科库 63排4列1层/ [索取号:F032.2/Z139] | 在馆 | |
| 2 | 486877 | 204868777 | 社科库409/409社科库 63排4列1层/ [索取号:F032.2/Z139] | 在馆 |